| 000 | 00572nam a2200229Ia 4500 | ||
|---|---|---|---|
| 003 | OSt | ||
| 005 | 20220918210049.0 | ||
| 006 | a|||||r|||| 00| 0 | ||
| 007 | ta | ||
| 008 | 220917b |||||||| |||| 00| 0 eng d | ||
| 024 | _a118,970 | ||
| 037 | _cTextual | ||
| 040 |
_aARTS _cARTS _beng |
||
| 041 |
_2eng _aeng |
||
| 082 | _aV73:19058:N5, K5 | ||
| 100 |
_aLerche C harles O _9116969 |
||
| 245 | 0 | _aCold war and after | |
| 260 | _c1965 | ||
| 650 | _aHISTORY | ||
| 942 |
_hV73:19058:N5, K5 _cTEXL _2CC |
||
| 999 |
_c242239 _d242239 |
||